000 01352nam a22003617a 4500
003 CHAP
005 20220329143405.0
008 090216s2008 mx r 00010 spa d
010 _a95873
011 _a96845
035 _a107502
040 _cCHAP
090 _aTesis
100 1 _aOrtíz Sánchez, Salvador.
_984138
245 1 3 _aLa importancia de los ingresos petroleros en los ingresos presupuestarios del gobierno federal y las entidades federativas
_c/por Salvador Ortíz Sánchez
260 _aChapingo, Méx. :
_bEl autor,
_c2008
300 _aviii 93 h. :
_bgráfs.
502 _aTesis (Lic. en Economía Agrícola) -- UACH. División de Ciencias Económico Administrativas
590 _aALEPH
_b10
_c20130110
_lUCH01
_h1527
590 _aBATCH-UPD
_b10
_c20130110
_lUCH01
_h0651
590 _aBATCH-UPD
_b10
_c20130410
_lUCH01
_h0335
590 _aBATCH-UPD
_b10
_c20130914
_lUCH01
_h1410
590 _aCONVERSION
_b10
_c20130109
_lUCH01
_h1353
650 1 4 _aFinanzas públicas.
_940953
650 1 4 _aGasto público.
_947252
650 1 4 _aIngresos.
_958362
650 1 4 _aIngresos
_zMéxico.
_958408
650 1 4 _aPetróleo
_zMéxico.
_987678
901 _aBK
942 _cFOLL
949 _aTesis
_bBC
_cTES
_d33724002086066
_eTS1
_gDonaciØn
_h48807
_i107502
_sb
949 _aTesis
_bBC
_cTES
_d33724002086108
_eTS2
_fc.2
_gDonaciØn
_h48808
_i107502
_sb
999 _c95873
_d95873